| 000 | 00576nam a22001697a 4500 | ||
|---|---|---|---|
| 003 | OSt | ||
| 005 | 20260320104214.0 | ||
| 008 | 260320b |||||||| |||| 00| 0 eng d | ||
| 040 | _cMRSPTU | ||
| 041 | _aEnglish | ||
| 100 | _aPratyancha Sharma, Supervisor: Dr. Rahul Deshmukh | ||
| 245 | _aNeuroprotective Potential Of Limonene In LPS Induced Parkinson's Disease In Rats | ||
| 260 |
_bDepartment of Pharmacy, MRSPTU, Bathinda _c2021 |
||
| 650 | _aPharmaceutical Sciences and Technology | ||
| 856 | _uhttp://163.47.215.52:8080/jspui/handle/123456789/70 | ||
| 942 |
_2ddc _cTH _n0 |
||
| 999 |
_c11224 _d11224 |
||